LEADER 01742nam 2200409 a 450 001 9910702292603321 005 20121012135015.0 035 $a(CKB)5470000002425218 035 $a(OCoLC)812629849 035 $a(EXLCZ)995470000002425218 100 $a20121012d2012 ua 0 101 0 $aeng 135 $aurbn||||||||| 181 $ctxt$2rdacontent 182 $cc$2rdamedia 183 $acr$2rdacarrier 200 10$aNuclear material$b[electronic resource] $eagreement between the United States of America and the Russian Federation, signed at Moscow and Washington, August 29 and September 1, 2000, with annexes and joint statement, and protocol amending the agreement, signed at Washington, September 15, 2006 210 1$a[Washington, D.C.] :$cU.S. Dept. of State,$d[2012?] 215 $a1 online resource (93 unnumbered pages) 225 1 $aTreaties and other international acts series ;$v11-713.1 300 $aTitle from title screen (viewed on Oct. 12, 2012). 517 $aNuclear material 606 $aNuclear fuels$xLaw and legislation$zUnited States 606 $aNuclear fuels$xLaw and legislation$zRussia (Federation) 606 $aRadioactive waste disposal$xLaw and legislation$zUnited States 606 $aRadioactive waste disposal$xLaw and legislation$zRussia (Federation) 615 0$aNuclear fuels$xLaw and legislation 615 0$aNuclear fuels$xLaw and legislation 615 0$aRadioactive waste disposal$xLaw and legislation 615 0$aRadioactive waste disposal$xLaw and legislation 712 02$aUnited States.$bDepartment of State. 801 0$bGPO 801 1$bGPO 906 $aBOOK 912 $a9910702292603321 996 $aNuclear material$93436243 997 $aUNINA LEADER 03307nam 22006615 450 001 9910252704503321 005 20240207123846.0 010 $a3-319-60270-5 024 7 $a10.1007/978-3-319-60270-7 035 $a(CKB)3710000001404675 035 $a(DE-He213)978-3-319-60270-7 035 $a(MiAaPQ)EBC4876558 035 $a(EXLCZ)993710000001404675 100 $a20170612d2017 u| 0 101 0 $aeng 135 $aurnn|008mamaa 181 $ctxt$2rdacontent 182 $cc$2rdamedia 183 $acr$2rdacarrier 200 10$aAchieving Social Impact $eSociology in the Public Sphere /$fby Marta Soler Gallart 205 $a1st ed. 2017. 210 1$aCham :$cSpringer International Publishing :$cImprint: Springer,$d2017. 215 $a1 online resource (XV, 96 p.) 225 1 $aSpringerBriefs in Sociology,$x2212-6368 311 $a3-319-60269-1 320 $aIncludes bibliographical references at the end of each chapters. 327 $aChapter 1. CREA and our path towards socially relevant social sciences -- Chapter 2. Dialogic relations and interactions as an alternative to power -- Chapter 3. The dialogic self: preventive socialization -- Chapter 4. Successful Actions: democratic sociology for democratic societies. 330 $aThis book presents the findings of research projects conducted by CREA (Community of Researchers on Excellence for all), a research community based in Barcelona, showing how social transformation combines scientific excellence with the political and social impact of the research. Analyzing the impact of pursuing social sciences research by providing examples of achievements and opportunities despite barriers and obstacles encountered along the way, it is of interest for a broad spectrum of scholars from the field of social sciences ? particularly public sociology ? as well as from other sciences such as biology and neuroscience. 410 0$aSpringerBriefs in Sociology,$x2212-6368 606 $aSocial sciences 606 $aGlobalization 606 $aSocial structure 606 $aEquality 606 $aEconomic development 606 $aSocial change 606 $aMethodology of the Social Sciences$3https://scigraph.springernature.com/ontologies/product-market-codes/X17000 606 $aGlobalization$3https://scigraph.springernature.com/ontologies/product-market-codes/912030 606 $aSocial Structure, Social Inequality$3https://scigraph.springernature.com/ontologies/product-market-codes/X22010 606 $aDevelopment and Social Change$3https://scigraph.springernature.com/ontologies/product-market-codes/913030 615 0$aSocial sciences. 615 0$aGlobalization. 615 0$aSocial structure. 615 0$aEquality. 615 0$aEconomic development. 615 0$aSocial change. 615 14$aMethodology of the Social Sciences. 615 24$aGlobalization. 615 24$aSocial Structure, Social Inequality. 615 24$aDevelopment and Social Change. 676 $a301 700 $aSoler Gallart$b Marta$4aut$4http://id.loc.gov/vocabulary/relators/aut$01059650 801 0$bMiAaPQ 801 1$bMiAaPQ 801 2$bMiAaPQ 906 $aBOOK 912 $a9910252704503321 996 $aAchieving Social Impact$92507458 997 $aUNINA